"The Longest Time" Lyrics Quiz - Statistics

General Stats
  • This quiz has been taken 65 times
  • The average score is 25 of 32
Answer Stats
Lyrics % Correct
And I could be {wrong}
96%
That hasn't {happened} for the longest time
96%
When you put your {arms} around me
96%
If you say {goodbye} to me tonight
91%
I haven't been {there} for the longest time
91%
I haven't been {there} for the longest time
91%
Maybe this won't {last} very long
91%
There would still be {music} left to write
91%
I'm so {inspired} by you
89%
And it's more than I {hoped} for
87%
And it's more than I {hoped} for
87%
That's where you {found} me
87%
What {else} could I do
87%
I forgot how nice {romance} is
85%
Now I know that {happiness} goes on
85%
I'll take my {chances}
83%
But you {feel} so right
81%
But I've gone this {far}
79%
I have been a {fool} for lesser things
79%
Once I thought my {innocence} was gone
79%
Hold on to your {heart}
74%
Who knows how much {further} we'll go on
74%
I {want} you so bad
70%
I intend to {hold} you for the longest time
66%
Maybe I'll be {sorry} when you're gone
64%
I said to {myself}
62%
Now I know the {woman} that you are
62%
Maybe I've been {hoping} too hard
60%
You're {wonderful} so far
60%
I don't care what {consequence} it brings
55%
I think you {ought} to know that
51%
I had {second} thoughts at the start
49%
No matching quizzes found
Score Distribution
Percent of People with Each Score
Percentile by Number Answered
Your Score History
You have not taken this quiz